Mood - 24kGoldn Feat. ​iann dior - All Lyrics - Statistics

General Stats
  • This quiz has been taken 53 times
  • The average score is 312 of 419
Answer Stats
Answer % Correct
a
100%
I
100%
mood?
100%
mood
100%
you
100%
You
100%
you,
100%
in
97%
do
95%
play
95%
to
95%
Why
95%
why
95%
always
92%
cool
90%
try
90%
what
87%
ain't
85%
'round,
85%
tell
85%
new
82%
rules
82%
the
82%
tryna
82%
be
79%
brand
79%
Fuckin'
79%
it
79%
it,
79%
your
79%
by
77%
playin'
77%
playin',
77%
we
77%
We
77%
with
74%
act
72%
But
72%
ever
72%
And
69%
and
69%
Baby,
69%
better
69%
look
69%
view
69%
view,
69%
When
69%
Everything
67%
games
67%
avoid
64%
I'm
64%
I’m
64%
me
64%
actin'
62%
actin’
62%
before
62%
just
62%
of
62%
yeah
62%
been
59%
here
59%
It’s
59%
it's
59%
love
59%
love,
59%
my
59%
so
59%
So
59%
want
59%
won't
59%
depression
56%
don't
56%
victim
56%
am
54%
bedroom
54%
dad
54%
elephant
54%
is
54%
like
54%
back,
51%
company
51%
get
51%
not
51%
now
51%
Now
51%
obvious,
51%
room
51%
arguin'
49%
from
49%
Girl,
49%
on
49%
regular
49%
up
49%
feel,
46%
go
46%
slick
46%
start
46%
confused
44%
gang
44%
never
44%
part
44%
we're
44%
attached
41%
could
41%
enough
41%
if
41%
know
41%
talkin'
41%
that
41%
feelin'
38%
wet
38%
bad
36%
need
36%
thing
36%
cellular?
33%
for
33%
Only
33%
all
31%
unattach
31%
blowin'
28%
end
28%
kick
28%
Mismatched
28%
shorty
28%
was
28%
Somehow,
26%
startin'
26%
Got
23%
keep
23%
lot
23%
way
23%
feign
18%
let
18%
set
18%
fits,
15%
sippin'
15%
day
13%
forties
13%
save
13%
another
8%
well,
8%
No matching quizzes found
Score Distribution
Percent of People with Each Score
Percentile by Number Answered
Your Score History
You have not taken this quiz